header

Entangling forms (Record no. 143094)

MARC details
000 -LEADER
fixed length control field 01331nam a2200349Ia 4500
082 04 - DEWEY DECIMAL CLASSIFICATION NUMBER
Classification number 302.2
100 1# - MAIN ENTRY--AUTHOR NAME
Personal name Merrell, Floyd,
245 10 - TITLE STATEMENT
Title Entangling forms
260 ## - PUBLICATION, DISTRIBUTION, ETC. (IMPRINT)
Place of publication New York :
Name of publisher de Gruyter Mouton,
Year of publication 2010.
300 ## - PHYSICAL DESCRIPTION
Number of Pages xiv, 314 p.
490 1# - SERIES STATEMENT
Series statement Semiotics, communication and cognition ;
650 #0 - SUBJECT ADDED ENTRY--TOPICAL TERM
Topical Term Semiotics.
Topical Term Signs and symbols.
Topical Term Language and languages
Topical Term Logic.
856 40 - ELECTRONIC LOCATION AND ACCESS
Uniform Resource Identifier http://site.ebrary.com/lib/rucke/Doc?id=10424391

No items available.

© 2026 Rongo University
Contact us: librarian | system librarian | Rongo university